Comparative functionalism ; an essay in anthropological theory /

Bibliographic Details
Main Author: Goldschmidt, Walter, 1913-2010
Format: Book
Language:English
Published: Berkeley : University of California Press, 1966.
Subjects:

MARC

Tag First Indicator Second Indicator Subfields
LEADER 00000cam a2200000 4500
001 in00000047055
005 20151007065412.0
008 721108s1966 cau b 00000 eng u
010 |a  66014412  
035 |a (OCoLC)00490370 
035 |9 AAE1924AM 
040 |c WSU  |d TXA  |d UtOrBLW 
049 |a TXAM  |c [420188] 
050 0 |a GN315  |b .G58 
092 |a 572  |b G623c, 1966 
100 1 |a Goldschmidt, Walter,  |d 1913-2010. 
245 1 0 |a Comparative functionalism ;  |b an essay in anthropological theory /  |c by Walter Goldschmidt. 
264 1 |a Berkeley :  |b University of California Press,  |c 1966. 
300 |a 149 pages 
336 |a text  |b txt  |2 rdacontent 
337 |a unmediated  |b n  |2 rdamedia 
338 |a volume  |b nc  |2 rdacarrier 
504 |a Bibliography: pages 141-149. 
650 0 |a Ethnology. 
999 |a MARS 
999 f f |s a546251a-60d8-3610-a1e6-e63490c1f4b2  |i 52c949fd-27c1-366f-b6b5-536c8826b275  |t 0 
952 f f |p normal  |a Texas A&M University  |b College Station  |c Sterling C. Evans Library  |d Evans: Library Stacks  |t 0  |e GN315 .G58  |h Library of Congress classification  |i unmediated -- volume  |m A14800967267 
998 f f |a GN315 .G58  |t 0  |l Evans: Library Stacks